000 00468nam a2200205Ia 4500
005 20250425162645.0
008 250425s9999 xx 000 0 und d
020 _a0131008250
041 _aeng
082 _a572.8
100 _aBERGERON, BRYAN
245 0 _aBIOINFORMATICS COMPUTING
250 _aS.E
260 _aEstados Unidos
_bPRENTICE -HALL
_c2003
260 _aNEW YORK
300 _a438
650 _aINFORMATICA
942 _c01
010 _a94823
999 _c233771
_d233771